Hacia una política para la eficiencia y la transparencia en la contratación publica / (Registro nro. 14482)

Detalles MARC
000 -LEADER
fixed length control field 01023nam a2200253Ia 4500
003 - CONTROL NUMBER IDENTIFIER
control field OSt
005 - DATE AND TIME OF LATEST TRANSACTION
control field 20240530172951.0
008 - FIXED-LENGTH DATA ELEMENTS--GENERAL INFORMATION
fixed length control field 210310s9999 xx 000 0 und d
020 ## - INTERNATIONAL STANDARD BOOK NUMBER
International Standard Book Number 9716628
037 ## - SOURCE OF ACQUISITION
Materials specified Donación
040 ## - CATALOGING SOURCE
Original cataloging agency CO-JMCR
Transcribing agency CO-JMCR
Modifying agency CO-JMCR
Description conventions rda
Language of cataloging spa
041 0# - LANGUAGE CODE
Language code of text/sound track or separate title spa
082 04 - DEWEY DECIMAL CLASSIFICATION NUMBER
Edition number 23
Classification number 351.132
Item number D41m
110 ## - MAIN ENTRY--CORPORATE NAME
Corporate name or jurisdiction name as entry element Departamento Nacional de Planeación
Relator term autor
9 (RLIN) 1612
245 #0 - TITLE STATEMENT
Title Hacia una política para la eficiencia y la transparencia en la contratación publica /
Statement of responsibility, etc. Departamento nacional de planeación
260 ## - PUBLICATION, DISTRIBUTION, ETC.
Place of publication, distribution, etc. Bogotá:
Name of publisher, distributor, etc. Giro editores,
Date of publication, distribution, etc. 2002
300 ## - PHYSICAL DESCRIPTION
Extent 457 páginas ;
Dimensions 27 cm.
490 ## - SERIES STATEMENT
Series statement La misión de contratación Tomo I
International Standard Serial Number 971661
505 0# - FORMATTED CONTENTS NOTE
Formatted contents note La regulación -- Los contratos básicos de la administración -- Procesos de selección -- Manejo presupuestal -- Planeación económica del contrato
650 14 - SUBJECT ADDED ENTRY--TOPICAL TERM
Source of heading or term JMCR
Topical term or geographic name entry element Administración pública
9 (RLIN) 33701
650 24 - SUBJECT ADDED ENTRY--TOPICAL TERM
Source of heading or term JMCR
Topical term or geographic name entry element Contratación estatal
9 (RLIN) 43190
650 34 - SUBJECT ADDED ENTRY--TOPICAL TERM
Source of heading or term JMCR
Topical term or geographic name entry element Contratación pública
9 (RLIN) 43192
942 ## - ADDED ENTRY ELEMENTS (KOHA)
Source of classification or shelving scheme Dewey Decimal Classification
Koha item type Books
Existencias
Withdrawn status Lost status Damaged status Not for loan Home library Current library Shelving location Date acquired Source of acquisition Total Checkouts Full call number Barcode Date last seen Date last checked out Copy number Price effective from Koha item type
        Biblioteca Pública José María del Castillo y Rada Biblioteca Pública José María del Castillo y Rada General Stacks 03/10/2021 Donación 2 351.132 D41m 430010326 07/22/2024 07/22/2024 T.1 Ej. 1 03/10/2021 Books